000 00370nam a2200145Ia 4500
008 230711s9999||||xx |||||||||||||| ||und||
041 _aENG
082 _a621
_bYA-G
100 _aYahya,SM
245 0 _aGas table for compressible flow calculation
250 _a1st
260 _c1991
_aNew Delhi
_bWiley Eastern Limited
650 _aMechanical Engineering
942 _cBK
999 _c2719
_d2719